[Event "Gatineau Outaouais op U1500"]
[Site "Gatineau"]
[Date "2014.06.06"]
[Round "1"]
[White "Bolduc, Olivier"]
[Black "Liboiron, Alain"]
[Result "0-1"]
[WhiteElo "1363"]
[BlackElo "1275"]
[PlyCount "90"]
[EventDate "2014.06.06"]
[EventType "swiss"]
[EventRounds "5"]
[EventCountry "CAN"]
[SourceTitle "EXT 2022"]
[Source "ChessBase"]
[SourceDate "2021.10.06"]
[SourceVersion "1"]
[SourceVersionDate "2021.10.06"]
[SourceQuality "1"]

1. d4 f5 2. g3 Nf6 3. Bg2 e6 4. c4 d5 5. Nf3 c6 6. cxd5 exd5 7. Nc3 Bd6 8. Bg5 0-0 9. 0-0 Qe8 10. Qd2 Nbd7 11. Rac1 Qh5 12. Bf4 Bxf4 13. Qxf4 Re8 14. Rfe1 Ne4 15. Nd2 Nxd2 16. Qxd2 Nf6 17. f3 Bd7 18. Qf4 Rac8 19. b4 g5 20. Qd6 Re6 21. g4 Rxd6 22. gxh5 Nxh5 23. e3 Re8 24. Re2 Nf6 25. Na4 f4 26. Kf2 fxe3+ 27. Rxe3 Rxe3 28. Kxe3 Re6+ 29. Kf2 Re7 30. Nc5 Bc8 31. Rg1 Kf7 32. Nd3 Nh5 33. Ne5+ Kf8 34. Rc1 Nf4 35. b5 Rxe5 36. dxe5 Nd3+ 37. Ke3 Nxc1 38. Kd4 Nxa2 39. bxc6 bxc6 40. Kc5 Ke7 41. Kxc6 d4 42. Bf1 Bf5 43. Kd5 d3 44. Kd4 d2 45. Be2 Bc2 0-1

[Event "Gatineau TORO U1500"]
[Site "Gatineau"]
[Date "2013.06.07"]
[Round "1"]
[White "Ju, Lawrence"]
[Black "Liboiron, Alain"]
[Result "1-0"]
[WhiteElo "1128"]
[BlackElo "1420"]
[PlyCount "93"]
[EventDate "2013.06.07"]
[EventType "swiss"]
[EventRounds "5"]
[EventCountry "CAN"]
[SourceTitle "EXT 2022"]
[Source "ChessBase"]
[SourceDate "2021.10.06"]
[SourceVersion "1"]
[SourceVersionDate "2021.10.06"]
[SourceQuality "1"]

1. d4 f5 2. c4 Nf6 3. Nc3 e6 4. Bg5 d5 5. cxd5 Be7 6. dxe6 h6 7. Bxf6 Bxf6 8. Qa4+ c6 9. e3 Bxe6 10. Nf3 Nd7 11. Bd3 Nb6 12. Qc2 g6 13. 0-0 Qc7 14. Nb5 Qe7 15. Nc3 0-0 16. e4 fxe4 17. Bxe4 Rad8 18. Bxg6 Bxd4 19. Nxd4 Rxd4 20. Rfe1 Rdf4 21. f3 Qc5+ 22. Kh1 Bf5 23. Bxf5 R4xf5 24. Qb3+ Kg7 25. Rac1 Qf2 26. Re7+ R5f7 27. Rxf7+ Rxf7 28. Ne4 Qd4 29. Qc3 Rd7 30. Rd1 Qxc3 31. Rxd7+ Nxd7 32. Nxc3 Kf6 33. Kg1 Nc5 34. Ne4+ Nxe4 35. fxe4 Ke5 36. Kf2 Kxe4 37. Kg3 Kf5 38. Kh4 c5 39. Kh5 b5 40. g4+ Kf6 41. Kxh6 c4 42. g5+ Kf7 43. Kh7 b4 44. g6+ Kf6 45. g7 c3 46. bxc3 bxc3 47. g8Q 1-0